| 000 | 00431nam a2200181Ia 4500 | ||
|---|---|---|---|
| 001 | 19507 | ||
| 005 | 20260306172658.0 | ||
| 008 | 260306t2018||||xx |||||||||||||| ||spa|| | ||
| 041 | _aESP | ||
| 082 |
_a340.1 _bB141 T. 4 |
||
| 100 |
_aRomán Calzada, Antonio Horacio _eAUT |
||
| 245 | 0 | _aAmbush Marketing | |
| 260 | _c2018 | ||
| 300 |
_a135 páginas : _c25 cm. |
||
| 650 | _aGEN | ||
| 654 | _aCDE | ||
| 942 |
_cLIB _dJUS _fJUS _2ddc _n |
||
| 999 |
_c19507 _d19507 |
||